<?xml version="1.0" encoding="UTF-8"?>
<record
    xmlns:xsi="http://www.w3.org/2001/XMLSchema-instance"
    xsi:schemaLocation="http://www.loc.gov/MARC21/slim http://www.loc.gov/standards/marcxml/schema/MARC21slim.xsd"
    xmlns="http://www.loc.gov/MARC21/slim">

  <leader>00343nam a2200133Ia 4500</leader>
  <controlfield tag="008">230411s9999    xx            000 0 und d</controlfield>
  <datafield tag="041" ind1=" " ind2=" ">
    <subfield code="a">eng</subfield>
  </datafield>
  <datafield tag="082" ind1=" " ind2=" ">
    <subfield code="a">AN/610.736 8/MOM/B08940</subfield>
  </datafield>
  <datafield tag="100" ind1=" " ind2=" ">
    <subfield code="a">Momin S</subfield>
  </datafield>
  <datafield tag="245" ind1=" " ind2=" ">
    <subfield code="a">Prasutishastra V Kala</subfield>
  </datafield>
  <datafield tag="260" ind1=" " ind2=" ">
    <subfield code="b">Sirajo Shafi Publication</subfield>
    <subfield code="a">Kolhapur</subfield>
    <subfield code="c">2004</subfield>
  </datafield>
  <datafield tag="300" ind1=" " ind2=" ">
    <subfield code="a">382p</subfield>
  </datafield>
  <datafield tag="999" ind1=" " ind2=" ">
    <subfield code="c">158330</subfield>
    <subfield code="d">158330</subfield>
  </datafield>
  <datafield tag="952" ind1=" " ind2=" ">
    <subfield code="0">0</subfield>
    <subfield code="1">0</subfield>
    <subfield code="4">0</subfield>
    <subfield code="7">0</subfield>
    <subfield code="8">AN</subfield>
    <subfield code="a">BTIN</subfield>
    <subfield code="b">BTIN</subfield>
    <subfield code="d">2018-12-14</subfield>
    <subfield code="e">Patil Medical Book House</subfield>
    <subfield code="g">200.00</subfield>
    <subfield code="i">5424</subfield>
    <subfield code="j">1</subfield>
    <subfield code="l">15</subfield>
    <subfield code="m">8</subfield>
    <subfield code="o">AN 610.736 8 MOM B08940</subfield>
    <subfield code="p">BTIN-BK-8940</subfield>
    <subfield code="q">2026-04-08</subfield>
    <subfield code="r">2026-03-25 12:29:51</subfield>
    <subfield code="s">2026-03-25</subfield>
    <subfield code="v">160.00</subfield>
    <subfield code="w">2007-12-21</subfield>
    <subfield code="y">BK</subfield>
    <subfield code="z">B08940</subfield>
  </datafield>
</record>
